Four-Minute Blitz: Roald Dahl books Quiz Stats

 Plays Quiz not verified by Sporcle

Score 0/30 Timer 04:00
0 Plays Today
Year Book % Correct
1988Matilda
93.6%
1964Charlie and the Chocolate Factory
91.1%
1983The Witches
82.2%
1961James and the Giant Peach
80.7%
1982The BFG
78.2%
1972Charlie and the Great Glass Elevator
75.7%
1980The Twits
75.7%
1970Fantastic Mr. Fox
68.8%
1989Rhyme Stew
65.8%
1943The Gremlins
61.4%
1989Esio Trot
60.4%
1975Danny, the Champion of the World
56.9%
1984Boy: Tales of Childhood
56.9%
2009More About Boy: Roald Dahl's Tales from Childhood
56.9%
1982Roald Dahl's Revolting Rhymes
55.4%
Year Book % Correct
1981George's Marvellous Medicine
55%
1986Going Solo
53.5%
1983Dirty Beasts
51.5%
1994Roald Dahl's Revolting Recipes
51.5%
1996The Great Automatic Grammatizator: And Other Stories
50%
1985The Giraffe and the Pelly and Me
49.5%
1966The Magic Finger
46.5%
2001Even More Revolting Recipes
46%
1977The Wonderful Story of Henry Sugar and Six More
43.6%
1994Great Mouse Plot: And Other Tales of Childhood
43.6%
1976The Enormous Crocodile
39.6%
1991The Minpins
30.2%
2005Songs and Verse
22.8%
1991The Vicar of Nibbleswicke
18.3%
2005Vile Verses
13.9%

You're not logged in!

Compare scores with friends on all Sporcle quizzes.
OR
Log In

Show Comments

Extras

Top Quizzes Today


Score Distribution

Your Account Isn't Verified!

In order to create a playlist on Sporcle, you need to verify the email address you used during registration. Go to your Sporcle Settings to finish the process.

Report this User

Report this user for behavior that violates our Community Guidelines.

Details: